[Event "29th Czech Open A 2018"]
[Site "Pardubice CZE"]
[Date "2018.07.22"]
[Round "3.100"]
[White "Manush, Shah"]
[Black "Cerny, David"]
[Result "1/2-1/2"]
[WhiteElo "2275"]
[BlackElo "1962"]
[WhiteFideId "5040680"]
[BlackFideId "369551"]
[EventDate "2018.07.20"]

1. d4 Nf6 2. Nf3 d6 3. Nc3 Nbd7 4. e4 e5 5. dxe5 dxe5 6. Bc4 Be7 7. O-O O-O 8.
a4 c6 9. Qe2 Qc7 10. h3 Nc5 11. Nh4 Be6 12. Nf5 g6 13. Nxe7+ Qxe7 14. b4 Bxc4
15. Qxc4 Ne6 16. Ne2 Nh5 17. g3 Rad8 18. Be3 Ng5 19. Kg2 Qf6 20. f4 exf4 21.
gxf4 Ne6 22. Ra3 Qh4 23. Bc1 Rfe8 24. Raf3 Neg7 25. Be3 Rd7 26. Nc3 Ne6 27. Ne2 1/2-1/2

[Event "29th Czech Open A 2018"]
[Site "Pardubice CZE"]
[Date "2018.07.22"]
[Round "3.101"]
[White "Rakshitta, Ravi"]
[Black "Kutynec, Vladimir"]
[Result "1/2-1/2"]
[BlackTitle "IM"]
[WhiteElo "2026"]
[BlackElo "2273"]
[WhiteFideId "25073230"]
[BlackFideId "4119843"]
[EventDate "2018.07.20"]

1. e4 c5 2. Nc3 Nc6 3. Nf3 g6 4. d4 cxd4 5. Nxd4 Bg7 6. Nde2 h5 7. Be3 Nf6 8. h3
O-O 9. g3 b5 10. Bg2 b4 11. Nd5 Ba6 12. O-O e6 13. Nxf6+ Qxf6 14. Rb1 d5 15.
exd5 exd5 16. Qxd5 Bxe2 17. Qxc6 Bxf1 18. Qxf6 Bxf6 19. Bxa8 Bxh3 20. Be4 Be6
21. Bxa7 Bxa2 22. Ra1 b3 23. cxb3 Bxb3 24. Ra3 Re8 25. Rxb3 Rxe4 26. Be3 Be7 27.
Rb7 Bd6 28. Kg2 Rb4 29. Rxb4 Bxb4 30. Bd4 f5 31. Bc3 Be7 32. b4 Kf7 33. Bd2 Ke6
34. b5 Kd5 35. Be3 h4 36. gxh4 Bxh4 37. b6 Kc6 38. Kf3 g5 39. Bd4 Kb7 40. Ke3
Kc6 41. Kf3 Kb7 42. Ke2 g4 43. Ke3 Bg5+ 44. Kd3 1/2-1/2

[Event "29th Czech Open A 2018"]
[Site "Pardubice CZE"]
[Date "2018.07.22"]
[Round "3.102"]
[White "Danek, Pavel"]
[Black "Kopylov, Daniel"]
[Result "1/2-1/2"]
[WhiteElo "1904"]
[BlackElo "2272"]
[WhiteFideId "312410"]
[BlackFideId "12921971"]
[EventDate "2018.07.20"]

1. d4 c5 2. e3 Nf6 3. c3 g6 4. Bd3 Bg7 5. f4 O-O 6. Nf3 Nc6 7. O-O d6 8. e4 cxd4
9. cxd4 Qb6 10. Qb3 Nxd4 11. Qxb6 Nxf3+ 12. Rxf3 axb6 13. Nc3 Ng4 14. h3 Bd4+
15. Kh1 Nf2+ 16. Kh2 Nxd3 17. Rxd3 e5 18. Nb5 Ra4 19. Nxd4 Rxd4 20. Rxd4 exd4
21. Bd2 Re8 22. Re1 Bd7 23. e5 dxe5 24. fxe5 Bc6 25. g4 Rc8 26. Rc1 Kf8 27. Bg5
Ra8 28. Rd1 Ra5 29. Rxd4 Rxe5 30. Bf6 Re2+ 31. Kg3 Rg2+ 32. Kh4 h6 33. Rd8+ Be8
34. Rd3 Re2 35. Kg3 Re6 36. Bc3 Bc6 37. Kf2 f5 38. gxf5 gxf5 39. Bb4+ Kf7 40.
Rd6 Re4 41. Bc3 Rf4+ 42. Kg3 Rf3+ 43. Kh4 Rf1 44. Rf6+ Ke7 45. Rxh6 f4 46. Rf6
f3 47. Kg3 Rg1+ 48. Kf2 Rg2+ 49. Ke1 Re2+ 50. Kf1 Rh2 51. Rf4 Rxh3 52. Bd4 Rh1+
53. Kf2 Rh2+ 54. Ke3 Rg2 55. Kd3 Rg6 56. Kc3 Bd5 57. a3 b5 58. Bc5+ Ke6 59. Bd4
Bc6 60. Kd2 Rh6 61. Ke3 Rh1 62. Rf6+ Kd5 63. Rf5+ Kc4 64. Rc5+ Kb3 65. Rc3+ Ka2
66. Rc2 Re1+ 67. Kd2 Rh1 68. Kc3 Be4 69. Rf2 Rd1 70. Bc5 Rd3+ 71. Kb4 Rb3+ 72.
Ka5 Bc6 73. Bd4 Kb1 74. Bc3 Kc1 75. Kb6 Kd1 76. Kc5 Rxc3+ 77. bxc3 Ke1 78. Rxf3
Bxf3 79. Kxb5 Kd2 80. c4 Kc3 81. a4 Be2 82. Kb6 Bxc4 83. Kxb7 Kb4 1/2-1/2

[Event "29th Czech Open A 2018"]
[Site "Pardubice CZE"]
[Date "2018.07.22"]
[Round "3.103"]
[White "Stanek, Petr"]
[Black "Lye, Lik Zang"]
[Result "0-1"]
[WhiteElo "1901"]
[BlackElo "2270"]
[WhiteFideId "347540"]
[BlackFideId "5712181"]
[EventDate "2018.07.20"]

1. e4 c5 2. Be2 Nc6 3. d3 d6 4. f4 g6 5. Nf3 Bg7 6. O-O e5 7. Nc3 Nge7 8. Qe1
O-O 9. Kh1 Rb8 10. Bd1 f6 11. Qg3 b5 12. h4 h5 13. f5 gxf5 14. Bh6 Rf7 15. Nxe5
dxe5 16. Bxh5 Qf8 17. Bxf7+ Kxf7 18. Qxg7+ Qxg7 19. Bxg7 Kxg7 20. g3 Nd4 21. Rf2
Bb7 22. Kh2 b4 23. Na4 Rc8 24. c3 Nb5 25. Re1 Nd6 26. exf5 Nexf5 27. Kh3 Bd5 28.
g4 Nh6 29. Ref1 f5 30. gxf5 Nhxf5 31. Rg1+ Kf6 32. h5 Bf7 33. h6 Rh8 34. Nxc5
bxc3 35. bxc3 Bd5 36. Nd7+ Ke6 37. Nf8+ Rxf8 38. Rg6+ Ke7 39. Rg7+ Nxg7 40. Rxf8
Kxf8 41. h7 Nf7 42. h8=Q+ Nxh8 0-1

[Event "29th Czech Open A 2018"]
[Site "Pardubice CZE"]
[Date "2018.07.22"]
[Round "3.104"]
[White "Karthick, Narayanan S"]
[Black "Stefansson, Hannes"]
[Result "0-1"]
[BlackTitle "GM"]
[WhiteElo "1919"]
[BlackElo "2536"]
[WhiteFideId "25045288"]
[BlackFideId "2300087"]
[EventDate "2018.07.20"]

1. e4 c5 2. Nf3 Nc6 3. d4 cxd4 4. Nxd4 e6 5. Nc3 a6 6. g3 d6 7. Bg2 Bd7 8. O-O
Nf6 9. Be3 Be7 10. f4 O-O 11. h3 Qc7 12. Nb3 b5 13. a3 Rfe8 14. g4 Bc8 15. g5
Nd7 16. Qf3 Bb7 17. Qf2 Bf8 18. h4 Rac8 19. h5 g6 20. Rad1 b4 21. axb4 Nxb4 22.
Rd4 a5 23. Nb5 Qb8 24. c4 Nc6 25. f5 Nde5 26. fxe6 Rxe6 27. Bh3 Nxd4 28. Bxd4
Re7 29. Bxe5 dxe5 30. Bxc8 Qxc8 31. Nd6 Qg4+ 32. Qg2 Qxh5 33. Nxa5 Ba6 34. Nb3
Qh4 35. Nb5 Rd7 0-1

[Event "29th Czech Open A 2018"]
[Site "Pardubice CZE"]
[Date "2018.07.22"]
[Round "3.105"]
[White "Berzina, Ilze"]
[Black "Gorbatov, Alexej"]
[Result "1/2-1/2"]
[WhiteTitle "WGM"]
[BlackTitle "IM"]
[WhiteElo "2173"]
[BlackElo "2409"]
[WhiteFideId "11601345"]
[BlackFideId "4111834"]
[EventDate "2018.07.20"]

1. e4 c5 2. Nf3 e6 3. d4 cxd4 4. Nxd4 Nf6 5. Nc3 d6 6. g3 a6 7. Bg2 Qc7 8. O-O
Nc6 9. a4 Bd7 10. h3 Be7 11. Nde2 O-O 12. g4 Rfd8 13. Ng3 Rab8 14. g5 Ne8 15. f4
b5 16. axb5 axb5 17. f5 b4 18. fxe6 fxe6 19. Nce2 Qb6+ 20. Kh2 Nc7 21. Bf4 e5
22. Bd2 g6 23. Rf3 Rf8 24. Be3 Qb7 25. Rxf8+ Rxf8 26. Qd2 Ra8 27. Rxa8+ Qxa8 28.
Nc1 Be6 29. Nd3 Qb7 30. b3 Na6 31. Nf2 Nc5 32. Bf3 Bf8 33. Ng4 Nd7 34. Nh6+ Kh8
35. Bg4 Bxg4 36. Nxg4 Nd8 37. Qf2 Kg8 38. Bd2 Ne6 39. Nh6+ Bxh6 40. gxh6 Nd4 41.
Be3 Ne6 42. Bd2 Nec5 43. Qf3 Qb5 44. h4 Ne6 45. h5 Nef8 46. hxg6 hxg6 47. Nf1
Nh7 48. Ne3 Ndf6 49. Nc4 Qc5 50. Be1 Kf7 51. Bh4 g5 52. Bf2 Qc6 53. Qf5 Ke7 54.
Be1 Qxe4 55. Qxe4 Nxe4 56. Bxb4 Ke6 57. Kg2 d5 58. Nd2 Nef6 59. Bc5 Ng8 60. b4
Nxh6 61. b5 Nf7 62. Nb3 Nd6 63. b6 Nb7 64. Bb4 Kd7 65. Nc5+ Kc6 66. Nxb7 Kxb7
67. Bd6 e4 68. Bc5 Nf6 69. Be7 Nd7 70. Bxg5 Kxb6 71. Kf2 Kc5 72. Ke3 Kc4 73. Kd2
Ne5 74. Bf6 Nf3+ 75. Ke3 Ne1 76. c3 Nc2+ 77. Kd2 Kb3 78. Bg7 Na3 79. Ke3 Nb5 80.
Kd2 Nd6 81. Bh8 Nc4+ 82. Kd1 Ne3+ 83. Kd2 Nf1+ 84. Ke2 Ng3+ 85. Kd2 Nf5 86. Bf6
Kc4 87. Be5 Kc5 88. Ke2 Kc6 89. Kd2 Kd7 90. Ke2 Ke6 91. Bh8 Nd6 92. Ke3 Nc4+ 93.
Kd4 e3 94. Kd3 Kf5 95. Bd4 Kf4 96. Ke2 Ke4 97. Bc5 1/2-1/2

[Event "29th Czech Open A 2018"]
[Site "Pardubice CZE"]
[Date "2018.07.22"]
[Round "3.106"]
[White "Lomakin, Viktor"]
[Black "Mencinger, Vojko"]
[Result "0-1"]
[BlackTitle "IM"]
[WhiteElo "2167"]
[BlackElo "2342"]
[WhiteFideId "14101920"]
[BlackFideId "14600099"]
[EventDate "2018.07.20"]

1. d4 Nf6 2. Nf3 g6 3. c4 Bg7 4. Nc3 d5 5. e3 O-O 6. Qb3 c6 7. Bd2 a5 8. cxd5
cxd5 9. Ne5 Nc6 10. Nxc6 bxc6 11. Bd3 Ba6 12. Bxa6 Rxa6 13. O-O Qd6 14. Qa3 Qxa3
15. bxa3 c5 16. Rab1 cxd4 17. exd4 e6 18. Rfc1 h6 19. Nb5 Ne4 20. Bf4 g5 21. Be3
Rb8 22. a4 Rab6 23. Rb3 Bf8 24. h4 f6 25. hxg5 hxg5 26. f4 g4 27. f5 Ng3 28. Rc2
Nxf5 29. Bf4 Ra8 30. Rbc3 Nxd4 31. Nxd4 e5 32. Be3 exd4 33. Bxd4 Rb1+ 34. Kf2
Rb4 35. Rd3 Rxa4 36. Rc6 Be7 37. Re3 Kf7 38. Bb6 Rxa2+ 39. Kg1 Rb2 40. Kh2 a4
41. Rce6 Re8 42. Bd4 Rb3 43. Rxb3 axb3 44. Rb6 Rc8 45. Rxb3 Rc4 0-1

[Event "29th Czech Open A 2018"]
[Site "Pardubice CZE"]
[Date "2018.07.22"]
[Round "3.107"]
[White "Suleymanli, Aydin"]
[Black "Nehyba, Martin"]
[Result "1-0"]
[WhiteTitle "FM"]
[WhiteElo "2266"]
[BlackElo "2163"]
[WhiteFideId "13413937"]
[BlackFideId "377074"]
[EventDate "2018.07.20"]

1. d4 f5 2. c4 Nf6 3. Nc3 g6 4. h4 Bg7 5. h5 Nxh5 6. e4 d6 7. exf5 Nf6 8. fxg6
hxg6 9. Rxh8+ Bxh8 10. Bd3 Bf5 11. Bxf5 gxf5 12. Nf3 Qd7 13. Qe2 Na6 14. Bf4
O-O-O 15. O-O-O Ne4 16. Nxe4 fxe4 17. Qxe4 Qa4 18. Qe6+ Rd7 19. a3 Nc5 20. Qe2
Nb3+ 21. Kb1 Na5 22. Rc1 Nb3 23. Qc2 b5 24. cxb5 Qxb5 25. Rh1 Bxd4 26. Ka2 e5
27. Qxb3 Qxb3+ 28. Kxb3 Bxf2 29. Rh8+ Kb7 30. Bd2 e4 31. Ne1 e3 32. Bc3 d5 33.
Nd3 Rf7 34. Re8 Rf5 35. Re6 Rf8 36. g4 Rg8 37. g5 Bh4 38. g6 Rd8 39. Bd4 Rg8 40.
Bxe3 1-0

[Event "29th Czech Open A 2018"]
[Site "Pardubice CZE"]
[Date "2018.07.22"]
[Round "3.108"]
[White "Ajay Krishna, S"]
[Black "Becker, Dirk"]
[Result "1-0"]
[WhiteElo "2161"]
[BlackElo "2265"]
[WhiteFideId "5096430"]
[BlackFideId "12938564"]
[EventDate "2018.07.20"]

1. d4 Nf6 2. Bf4 d5 3. e3 c5 4. Nf3 Nc6 5. c3 Qb6 6. Qc2 g6 7. Nbd2 Bf5 8. dxc5
Qxc5 9. Qb3 Qb6 10. Qxb6 axb6 11. h3 Bg7 12. Bc7 O-O 13. g4 Bc8 14. Bxb6 Nd7 15.
Bc7 Nc5 16. Bb5 f5 17. Nd4 Na7 18. Be2 e5 19. N4b3 Na4 20. Bd6 Rd8 21. Ba3 Nc6
22. Rc1 Be6 23. Bb5 Bf7 24. gxf5 gxf5 25. Rg1 Kh8 26. Nf3 Bf6 27. Be2 h6 28.
Nfd2 Re8 29. Kf1 Rac8 30. Bd3 e4 31. Bb5 Ra8 32. Nd4 Nxd4 33. Bxe8 Bxe8 34. cxd4
f4 35. exf4 Bxd4 36. b3 Nb2 37. Bc5 Bf6 38. Bd6 Bb5+ 39. Kg2 Nd3 40. Rc7 Bc6 41.
Kh2 e3 42. fxe3 Rxa2 43. Rg6 Rxd2+ 44. Kg3 Bc3 45. Rxh6+ Kg8 46. Kg4 d4 47. Kf5
dxe3 48. Rc8+ Kg7 49. Bf8+ Kg8 50. Bb4+ Kf7 51. Rh7+ Bg7 52. Rf8# 1-0

[Event "29th Czech Open A 2018"]
[Site "Pardubice CZE"]
[Date "2018.07.22"]
[Round "3.109"]
[White "Petrova, Kristyna"]
[Black "Roenko, Artur"]
[Result "1/2-1/2"]
[WhiteTitle "WIM"]
[WhiteElo "2264"]
[BlackElo "2162"]
[WhiteFideId "309672"]
[BlackFideId "14136732"]
[EventDate "2018.07.20"]

1. c4 e6 2. Nf3 d5 3. g3 Nf6 4. Bg2 dxc4 5. Na3 Bxa3 6. bxa3 a6 7. Bb2 b5 8. d3
cxd3 9. Ne5 d2+ 10. Qxd2 Qxd2+ 11. Kxd2 c6 12. Nxc6 Bb7 13. Bxf6 gxf6 14. Rhc1
Nxc6 1/2-1/2

[Event "29th Czech Open A 2018"]
[Site "Pardubice CZE"]
[Date "2018.07.22"]
[Round "3.110"]
[White "Kyrychenko, Maryan"]
[Black "Elgersma, Simon"]
[Result "0-1"]
[WhiteTitle "FM"]
[WhiteElo "2152"]
[BlackElo "2263"]
[WhiteFideId "14137178"]
[BlackFideId "1046101"]
[EventDate "2018.07.20"]

1. d4 Nf6 2. c4 g6 3. Nc3 Bg7 4. e4 d6 5. Be2 O-O 6. Bg5 c5 7. d5 e6 8. Qd2 exd5
9. exd5 Qb6 10. Nf3 Bf5 11. Nh4 Ne4 12. Nxe4 Bxe4 13. f3 h6 14. Bxh6 Bxh6 15.
Qxh6 Qxb2 16. Rc1 Re8 17. Qe3 Nd7 18. fxe4 Rxe4 19. Qxe4 Qxc1+ 20. Bd1 Nf6 21.
Qd3 Re8+ 22. Kf1 Qf4+ 23. Nf3 Re3 24. Qc2 Ng4 25. Qb2 Qxc4+ 26. Be2 Qf4 27. h3
Nf6 28. h4 Ne4 29. Rh3 Rc3 30. Bd1 Rc1 31. Qe2 Nc3 32. Qe8+ Kg7 33. h5 Rxd1+ 34.
Kf2 Ne4+ 35. Ke2 Re1+ 36. Nxe1 Qd2+ 37. Kf3 Qf2+ 38. Kxe4 Qe2+ 39. Re3 f5+ 0-1

[Event "29th Czech Open A 2018"]
[Site "Pardubice CZE"]
[Date "2018.07.23"]
[Round "4.1"]
[White "Stany, G.A."]
[Black "Movsesian, Sergei"]
[Result "1/2-1/2"]
[WhiteTitle "IM"]
[BlackTitle "GM"]
[WhiteElo "2483"]
[BlackElo "2635"]
[WhiteFideId "5029104"]
[BlackFideId "310204"]
[EventDate "2018.07.20"]

1. e4 c5 2. Nf3 e6 3. d4 cxd4 4. Nxd4 Nc6 5. Nc3 a6 6. Nxc6 bxc6 7. Bd3 d5 8.
O-O Nf6 9. Qf3 Be7 10. Re1 O-O 11. Bf4 Re8 12. e5 Nd7 13. Na4 g6 14. c4 Nb6 15.
Nxb6 Qxb6 16. Re2 Bb7 17. Qg3 Qd8 18. Rd2 d4 19. Be4 Rb8 20. c5 Bxc5 21. Rad1
Qc7 22. h4 Bb6 23. Rc2 c5 24. Rxd4 Red8 25. Rxd8+ Rxd8 26. Qf3 Bxe4 27. Qxe4
Rd1+ 1/2-1/2

[Event "29th Czech Open A 2018"]
[Site "Pardubice CZE"]
[Date "2018.07.23"]
[Round "4.2"]
[White "Zakhartsov, Viacheslav V."]
[Black "Drozdowski, Kacper"]
[Result "1/2-1/2"]
[WhiteTitle "GM"]
[BlackTitle "IM"]
[WhiteElo "2539"]
[BlackElo "2455"]
[WhiteFideId "4115333"]
[BlackFideId "1136720"]
[EventDate "2018.07.20"]

1. d4 d6 2. Nf3 g6 3. c4 Bg7 4. Nc3 e5 5. e4 Nc6 6. Bg5 f6 7. Be3 Nh6 8. h3 Nf7
9. Qd2 O-O 10. O-O-O f5 11. exf5 gxf5 12. dxe5 dxe5 13. Qxd8 Nfxd8 14. Nd5 Ne6
15. Ng5 Nxg5 16. Bxg5 Rf7 17. Be2 h6 18. Bh4 Be6 19. f4 e4 20. Bh5 Rd7 21. Nf6+
Bxf6 22. Bxf6 Nb4 23. Rxd7 Bxd7 24. Kb1 Nd3 25. g3 Bc6 26. Kc2 a5 27. Kc3 b5 28.
Be2 bxc4 29. Kxc4 Rb8 30. Bxd3 exd3 31. Re1 Be4 32. Bc3 a4 33. g4 Rd8 34. Bd2
Kf7 35. Kb4 Rd4+ 36. Kc3 Rd6 37. Kb4 Rd4+ 38. Kc3 Rd6 39. Kb4 Rd4+ 1/2-1/2

[Event "29th Czech Open A 2018"]
[Site "Pardubice CZE"]
[Date "2018.07.23"]
[Round "4.3"]
[White "Merry, Alan B"]
[Black "Steinberg, Nitzan"]
[Result "0-1"]
[WhiteTitle "IM"]
[BlackTitle "GM"]
[WhiteElo "2462"]
[BlackElo "2521"]
[WhiteFideId "418811"]
[BlackFideId "2801795"]
[EventDate "2018.07.20"]

1. e4 c5 2. Nf3 d6 3. Bb5+ Nd7 4. c3 Nf6 5. Bd3 e6 6. Bc2 b5 7. d4 Bb7 8. Nbd2
Qc7 9. O-O Be7 10. Re1 O-O 11. Nf1 Rac8 12. Bd3 c4 13. Bc2 a5 14. Ng3 Rfe8 15.
Be3 Bf8 16. Rc1 e5 17. h3 exd4 18. Bxd4 g6 19. Qd2 Re6 20. Re2 Rce8 21. Rce1 h6
22. Nh2 h5 23. Qg5 Ne5 24. Nf5 Nh7 25. Qg3 Qd8 26. f3 Ng5 27. Kf1 Nd3 28. Bxd3
cxd3 29. Re3 d2 30. Rd1 gxf5 31. f4 Rg6 32. fxg5 Rxg5 33. Qf4 Bh6 34. exf5 Bxg2+
35. Kf2 Rxe3 36. Qxe3 Rxf5+ 0-1

[Event "29th Czech Open A 2018"]
[Site "Pardubice CZE"]
[Date "2018.07.23"]
[Round "4.4"]
[White "Braeuer, Franz"]
[Black "Deepan, Chakkravarthy J."]
[Result "1/2-1/2"]
[WhiteTitle "IM"]
[BlackTitle "GM"]
[WhiteElo "2426"]
[BlackElo "2519"]
[WhiteFideId "24634468"]
[BlackFideId "5011132"]
[EventDate "2018.07.20"]

1. e4 c6 2. d4 d5 3. Nd2 dxe4 4. Nxe4 Nd7 5. Ng5 Ngf6 6. Bd3 g6 7. Bc4 e6 8. Ne2
Nb6 9. Bb3 a5 10. a4 Nbd5 11. O-O Bg7 12. c3 O-O 13. Nf4 b6 14. Nd3 h6 15. Nf3
Ba6 16. Re1 c5 17. dxc5 Bxd3 18. Qxd3 bxc5 19. Ne5 Qc7 20. Nc4 Rab8 21. Bc2 Nb6
22. Na3 Nfd5 23. Nb5 Qe7 24. Qh3 Kh7 25. Qg3 Bf6 26. Re4 Rbd8 27. h4 Kg7 28. h5
g5 29. Re2 Rg8 30. Qd3 Kf8 31. Qe4 Bg7 32. Bb3 Nf6 33. Qc6 Nbd5 34. Bd2 Nxh5 35.
g3 Bh8 36. Rae1 Nhf4 37. Bxf4 Nxf4 38. gxf4 gxf4+ 39. Kf1 Qg5 40. Qh1 Rd3 41.
Qa8+ Rd8 42. Qh1 Rd3 43. Qa8+ Kg7 44. Qh1 Kf8 1/2-1/2

[Event "29th Czech Open A 2018"]
[Site "Pardubice CZE"]
[Date "2018.07.23"]
[Round "4.5"]
[White "Zwardon, Vojtech"]
[Black "Kobo, Ori"]
[Result "1-0"]
[WhiteTitle "IM"]
[BlackTitle "GM"]
[WhiteElo "2424"]
[BlackElo "2508"]
[WhiteFideId "325511"]
[BlackFideId "2812320"]
[EventDate "2018.07.20"]

1. c4 e5 2. g3 Nf6 3. Bg2 d5 4. cxd5 Nxd5 5. Nf3 Nc6 6. O-O Nb6 7. b3 Be7 8. Bb2
f6 9. Nc3 O-O 10. Rc1 Bg4 11. d3 Qd7 12. Re1 a5 13. a3 Rfd8 14. Ne4 Bf8 15. Qc2
Qf7 16. Nfd2 Be6 17. Nc5 Bxc5 18. Qxc5 Bd5 19. Bxd5 Nxd5 20. Qb5 Ra6 21. Qxb7
Rb6 22. Qxc6 Rxc6 23. Rxc6 h5 24. h4 Qd7 25. Rc5 Qg4 26. Ne4 Nf4 27. Rc2 Ne6 28.
Rc6 Rb8 29. Rc3 f5 30. Nc5 f4 31. Ne4 fxg3 32. fxg3 Nd4 33. Rxc7 Nxe2+ 34. Kh2
Nf4 35. Ng5 Nxd3 36. Bxe5 Nxe5 37. Rxe5 Rd8 38. Rc2 Qd1 39. Rce2 g6 40. b4 axb4
41. axb4 Rd2 42. Re8+ Kg7 43. Ne6+ Kf6 44. Nf4 Rxe2+ 45. Rxe2 Kf5 46. Rf2 Qd4
47. Nd3+ Ke6 48. Re2+ Kf5 49. Rf2+ Ke6 50. Rf3 Qc4 51. Nf4+ Kd7 52. Rf2 Qe4 53.
b5 Kc8 54. Rd2 Kb7 55. Rd6 Qc2+ 56. Ng2 Qb1 57. Rc6 Qxb5 58. Rxg6 Qf1 59. Rg5
Qf3 60. Rc5 Kb6 61. Rc2 Qd1 62. Rb2+ Kc5 63. Nf4 Kc4 64. Kg2 Kc3 65. Re2 Kb3 66.
Kf2 Kc4 67. Re4+ Kb3 68. Ne2 Qd7 69. Re5 Qa7+ 70. Kf3 Qb7+ 71. Kf2 Qa7+ 72. Kg2
Qa8+ 73. Kh2 Qa2 74. Re4 Qd2 75. Kg2 Qd5 76. Kf3 Kc2 77. Nf4 Qb3+ 78. Re3 Qb7+
79. Kf2 Qb6 80. Ke2 Qb5+ 81. Rd3 Qc4 82. Kf3 Kb2 83. Re3 Qf1+ 84. Ke4 Qc4+ 85.
Kf5 Qc8+ 86. Re6 Qh8 87. Rg6 Kc3 88. Re6 Qf8+ 89. Kg5 Qg8+ 90. Kxh5 Qf7+ 91. Kg4
Qg7+ 92. Kh3 Qb7 93. h5 Kd4 94. h6 Qb1 95. Kg4 Qh1 96. Kg5 Qh2 97. g4 Kc4 98.
Re7 Qd2 99. h7 Qd8 100. Ng6 Qd2+ 101. Kf6 1-0

[Event "29th Czech Open A 2018"]
[Site "Pardubice CZE"]
[Date "2018.07.23"]
[Round "4.6"]
[White "Van Foreest, Jorden"]
[Black "Grekh, Andrey"]
[Result "1-0"]
[WhiteTitle "GM"]
[BlackTitle "IM"]
[WhiteElo "2640"]
[BlackElo "2400"]
[WhiteFideId "1039784"]
[BlackFideId "14112418"]
[EventDate "2018.07.20"]

1. e4 c5 2. Nf3 e6 3. d4 cxd4 4. Nxd4 Nc6 5. Nc3 Qc7 6. Qd3 a6 7. Nxc6 bxc6 8.
Qg3 Qxg3 9. hxg3 d5 10. Na4 Rb8 11. exd5 cxd5 12. Bf4 Rb4 13. b3 e5 14. Bd2 Rb8
15. Ba5 Bb4+ 16. Bxb4 Rxb4 17. O-O-O Nf6 18. Nc5 Rb6 19. Re1 e4 20. f3 Rc6 21.
b4 O-O 22. fxe4 Nxe4 23. Nxe4 dxe4 24. Rxe4 Bf5 25. Rc4 Rg6 26. Rf4 Be6 27. Bd3
f5 28. g4 Rgf6 29. gxf5 Bxf5 30. Bc4+ Be6 31. Bxe6+ Rxe6 32. Rxf8+ Kxf8 33. Rxh7
Rg6 34. Rh8+ Ke7 35. Ra8 Kd7 36. Ra7+ Kc8 37. Kb2 Kb8 38. Re7 Rxg2 39. Kb3 g5
40. c4 g4 41. Rg7 g3 42. c5 Kc8 43. a3 1-0

[Event "29th Czech Open A 2018"]
[Site "Pardubice CZE"]
[Date "2018.07.23"]
[Round "4.7"]
[White "Paravyan, David"]
[Black "Lodici, Lorenzo"]
[Result "1-0"]
[WhiteTitle "GM"]
[BlackTitle "IM"]
[WhiteElo "2638"]
[BlackElo "2441"]
[WhiteFideId "4194985"]
[BlackFideId "884189"]
[EventDate "2018.07.20"]

1. e4 e5 2. Nf3 Nc6 3. Bb5 a6 4. Ba4 Nf6 5. O-O Nxe4 6. d4 b5 7. Bb3 d5 8. dxe5
Be6 9. c3 Be7 10. Bc2 O-O 11. Nbd2 f5 12. Nb3 Qd7 13. Nbd4 Nxd4 14. Nxd4 c5 15.
Nxe6 Qxe6 16. f3 Ng5 17. a4 Rad8 18. axb5 axb5 19. Ra7 Rd7 20. Rxd7 Qxd7 21. Be3
Qc6 22. Kh1 f4 23. Bf2 Ne6 24. Qd2 g6 25. h4 Kg7 26. h5 c4 27. Rd1 Rd8 28. b3
Bc5 29. b4 Bb6 30. Bb1 d4 31. cxd4 Bxd4 32. Bh4 Be3 33. Bf6+ Kh6 34. Qc2 Rxd1+
35. Qxd1 Nd4 36. Be4 Qe6 37. hxg6 hxg6 38. g4 fxg3 39. Kg2 Kh7 40. f4 Bxf4 41.
Qh5+ Kg8 42. Qxg6+ 1-0

[Event "29th Czech Open A 2018"]
[Site "Pardubice CZE"]
[Date "2018.07.23"]
[Round "4.8"]
[White "Neuman, Petr"]
[Black "Stocek, Jiri"]
[Result "1/2-1/2"]
[WhiteTitle "GM"]
[BlackTitle "GM"]
[WhiteElo "2440"]
[BlackElo "2586"]
[WhiteFideId "305243"]
[BlackFideId "304760"]
[EventDate "2018.07.20"]

1. c4 e5 2. g3 Nc6 3. Bg2 Bc5 4. Nc3 d6 5. e3 Bf5 6. a3 a5 7. Nge2 Nf6 8. d4 Ba7
9. h3 exd4 10. exd4 h6 11. Be3 O-O 12. g4 Bh7 13. O-O Qd7 14. b3 Rae8 15. Ng3 1/2-1/2

[Event "29th Czech Open A 2018"]
[Site "Pardubice CZE"]
[Date "2018.07.23"]
[Round "4.9"]
[White "Sengupta, Deep"]
[Black "Haria, Ravi"]
[Result "1-0"]
[WhiteTitle "GM"]
[BlackTitle "IM"]
[WhiteElo "2565"]
[BlackElo "2440"]
[WhiteFideId "5008352"]
[BlackFideId "415820"]
[EventDate "2018.07.20"]

1. Nf3 Nf6 2. c4 e6 3. Nc3 d5 4. d4 Bb4 5. Qa4+ Nc6 6. e3 O-O 7. Bd2 dxc4 8.
Bxc4 a6 9. Qc2 Bd6 10. a3 Qe7 11. Ng5 g6 12. f4 Qd8 13. O-O Be7 14. Ba2 Nd5 15.
Nf3 Bf6 16. Ne2 Bg7 17. e4 Nde7 18. Bc3 Na7 19. Rad1 b6 20. d5 exd5 21. f5 Bxc3
22. Nxc3 Qd6 23. Nxd5 1-0

[Event "29th Czech Open A 2018"]
[Site "Pardubice CZE"]
[Date "2018.07.23"]
[Round "4.10"]
[White "Horvath, Dominik"]
[Black "Vorobiov, Evgeny E."]
[Result "1/2-1/2"]
[WhiteTitle "IM"]
[BlackTitle "GM"]
[WhiteElo "2429"]
[BlackElo "2564"]
[WhiteFideId "1642561"]
[BlackFideId "4121341"]
[EventDate "2018.07.20"]

1. Nf3 d5 2. d4 Bf5 3. c4 e6 4. Nc3 Nf6 5. Nh4 Bg6 6. cxd5 exd5 7. g3 c6 8. Bh3
Be7 9. O-O O-O 10. a3 Re8 11. Kg2 c5 12. Nxg6 hxg6 13. e3 Nc6 14. dxc5 Bxc5 15.
b4 Bb6 1/2-1/2

[Event "29th Czech Open A 2018"]
[Site "Pardubice CZE"]
[Date "2018.07.23"]
[Round "4.11"]
[White "Kopylov, Michael"]
[Black "Nguyen, Thai Dai Van"]
[Result "1/2-1/2"]
[WhiteTitle "IM"]
[BlackTitle "GM"]
[WhiteElo "2426"]
[BlackElo "2546"]
[WhiteFideId "14105080"]
[BlackFideId "358878"]
[EventDate "2018.07.20"]

1. d4 d5 2. c4 e6 3. Nf3 Nf6 4. Nc3 c5 5. e3 cxd4 6. exd4 Bb4 7. Bd3 O-O 8. O-O
dxc4 9. Bxc4 b6 10. Bg5 Bb7 11. Qe2 h6 12. Bh4 Bxc3 13. bxc3 Nbd7 14. Rac1 Rc8
15. Bd3 Qe7 16. Ne5 Qd6 17. Rfd1 Nd5 18. Nxd7 Qxd7 19. c4 Nf4 20. Qg4 g5 21.
Bxg5 hxg5 22. Qxg5+ Ng6 23. Bxg6 fxg6 24. Qxg6+ Qg7 25. Qxe6+ Qf7 1/2-1/2

[Event "29th Czech Open A 2018"]
[Site "Pardubice CZE"]
[Date "2018.07.23"]
[Round "4.12"]
[White "Haldorsen, Benjamin"]
[Black "Babula, Vlastimil"]
[Result "1/2-1/2"]
[WhiteTitle "FM"]
[BlackTitle "GM"]
[WhiteElo "2423"]
[BlackElo "2533"]
[WhiteFideId "1512633"]
[BlackFideId "301264"]
[EventDate "2018.07.20"]

1. e4 c5 2. Nf3 e6 3. d4 cxd4 4. Nxd4 a6 5. Nc3 b5 6. Bd3 Qb6 7. Nf3 Qc7 8. O-O
Bb7 9. Re1 Bc5 10. Qd2 Be7 11. b3 Nf6 12. Bb2 d6 13. a4 b4 14. Na2 Nc6 15. Nd4
a5 16. Nxc6 Bxc6 17. c3 bxc3 18. Nxc3 O-O 19. Nb5 Qb7 20. Qe3 d5 21. Bxf6 Bxf6
22. Rac1 dxe4 23. Bxe4 Bxe4 24. Qxe4 Qxe4 25. Rxe4 Rfd8 26. g3 g5 27. Rc7 Rd3
28. b4 axb4 29. Rxb4 Kg7 30. Kg2 Kg6 31. Rc2 h5 32. Ra2 Ra5 33. Rc4 Rd5 34. Rac2
Rd1 35. Ra2 Rd5 36. Rac2 Rd1 37. Ra2 1/2-1/2